[Event "exe Slovakia Open 2025"]
[Site "Bratislava SVK"]
[Date "2025.09.19"]
[Round "7.41"]
[White "Sichnenko, Grigorij"]
[Black "Pisarcik, Richard"]
[Result "0-1"]
[WhiteElo "2047"]
[BlackElo "1922"]
[WhiteFideId "14972557"]
[BlackFideId "14967499"]
[EventDate "2025.09.13"]

1. d4 d5 2. Nf3 Nf6 3. c4 e6 4. g3 Be7 5. Bg2 O-O 6. O-O dxc4 7. Qc2 a6 8. a4
Nbd7 9. Qxc4 b5 10. Qc2 Bb7 11. Rd1 Be4 12. Qd2 b4 13. Qf4 Bc2 14. Re1 Nb6 15.
a5 Nc4 16. Ne5 Nd5 17. Qf3 Nxe5 18. dxe5 c5 19. Nd2 Rb8 20. Nc4 b3 21. Bd2 Nb4
22. Bxb4 Rxb4 23. Nb6 Bg5 24. e3 Qc7 25. Qe2 c4 26. Qd2 Be7 27. Bf1 h6 28. Qc3
Rb5 29. Ra4 Rd8 30. f4 Bd3 31. Rc1 Bc5 32. Nxc4 Bxf1 33. Kxf1 Qb7 34. Kf2 Bb4
35. Rxb4 Rxb4 36. Nd6 Qb8 37. Qc6 Qa8 38. Qc7 Rf8 39. Qe7 Qd5 40. Re1 Qxa5 41.
Rc1 Qd5 42. Rc7 Qd2+ 43. Kf3 Qd1+ 44. Kf2 Qd2+ 45. Kf3 Qd1+ 46. Kf2 Qh5 47. h4
Ra4 48. g4 Qxg4 49. Nxf7 Rxf4+ 50. exf4 Qxf4+ 51. Kg2 Qxf7 52. Qxf7+ Rxf7 53.
Rc8+ Rf8 54. Rc6 Rd8 55. Rxe6 a5 56. Kf3 Rd2 57. Rb6 Rxb2 58. e6 Kf8 59. Ke3 a4 0-1

[Event "exe Slovakia Open 2025"]
[Site "Bratislava SVK"]
[Date "2025.09.19"]
[Round "7.42"]
[White "Hitka, Dominik"]
[Black "Kucera, Michal"]
[Result "1-0"]
[WhiteElo "2008"]
[BlackElo "1900"]
[WhiteFideId "14981106"]
[BlackFideId "14910519"]
[EventDate "2025.09.13"]

1. e4 c5 2. Nc3 Nc6 3. Bb5 g6 4. Bxc6 dxc6 5. d3 Bg7 6. Be3 b6 7. Qd2 e5 8. f4
exf4 9. Bxf4 Be6 10. Nf3 f6 11. O-O-O Ne7 12. Bh6 O-O 13. h4 Rf7 14. Bxg7 Rxg7
15. h5 Bg4 16. hxg6 Nxg6 17. Rdf1 Qe7 18. Nd1 Rd8 19. Ne3 Be6 20. Qf2 b5 21. Nh4
Nxh4 22. Rxh4 Rf8 23. Rf4 Rgf7 24. Qh4 Bd7 25. b3 a5 26. Nf5 Bxf5 27. Rxf5 Qd6
28. Qf4 Qe7 29. Qe3 1-0

[Event "exe Slovakia Open 2025"]
[Site "Bratislava SVK"]
[Date "2025.09.19"]
[Round "7.43"]
[White "Haasova, Timea"]
[Black "Simon, Peter"]
[Result "0-1"]
[WhiteElo "2002"]
[BlackElo "1871"]
[WhiteFideId "14960109"]
[BlackFideId "14995948"]
[EventDate "2025.09.13"]

1. e4 g6 2. d4 Bg7 3. Nc3 d6 4. Bc4 Nc6 5. Be3 Nf6 6. Nf3 O-O 7. Qd2 a6 8. a4
Nxe4 9. Nxe4 d5 10. Bd3 dxe4 11. Bxe4 Qd6 12. Bf4 e5 13. dxe5 Nxe5 14. Nxe5 Bxe5
15. Qxd6 cxd6 16. Bxe5 dxe5 17. Rd1 Rb8 18. Rd6 Be6 19. Rb6 Rfd8 20. Rxb7 a5 21.
Rxb8 Rxb8 22. b3 f5 23. Bd3 e4 24. Bb5 Kf7 25. Kd2 Kf6 26. Rd1 Ke5 27. Kc3 f4
28. Kb2 Bg4 29. Re1 Bf5 30. h3 g5 31. Rd1 h5 32. Bc4 g4 33. Rd5+ Kf6 34. hxg4
hxg4 35. Rxa5 e3 36. fxe3 fxe3 37. Rd5 Be4 38. Rd6+ Ke5 39. Re6+ Kf4 40. Bf1 Rd8
41. Kc3 Rd2 42. Bd3 Bxg2 43. a5 Bd5 44. Rf6+ Kg3 45. a6 Rf2 46. Rd6 Bg2 47. Re6
Kf4 48. Kd4 g3 49. a7 Ba8 50. Re4+ Bxe4 51. Bxe4 Rd2+ 52. Kc3 Kxe4 53. a8=Q+ Kf4
54. Qf8+ Kg4 55. Qf1 Rf2 56. Qc4+ Kf3 57. Kd3 Rd2+ 58. Kc3 g2 59. Qf7+ Ke2 60.
Qh5+ Kf2 61. Qh4+ Kf1 62. Qf4+ Rf2 63. Qxe3 g1=Q 64. Qc1+ Kg2 65. Qg5+ Kf1 66.
Qc1+ Kg2 67. Qg5+ Kh1 68. Qh5+ Qh2 69. Qd5+ Kg1 70. Qg5+ Qg2 71. Qc1+ Kh2 72.
Qh6+ Qh3+ 73. Qxh3+ Kxh3 74. b4 Kg4 0-1

[Event "exe Slovakia Open 2025"]
[Site "Bratislava SVK"]
[Date "2025.09.19"]
[Round "7.44"]
[White "Malaschitz, Teodor"]
[Black "Gouterney, Anton"]
[Result "1/2-1/2"]
[WhiteElo "1899"]
[BlackElo "2000"]
[WhiteFideId "73621153"]
[BlackFideId "34675418"]
[EventDate "2025.09.13"]

1. e4 c5 2. Nf3 e6 3. d4 cxd4 4. Nxd4 Nf6 5. Nc3 Nc6 6. Be3 Bb4 7. Bd3 d5 8.
Nxc6 bxc6 9. Bd2 O-O 10. O-O a5 11. a3 Be7 12. Kh1 Ba6 13. Bf4 Qb6 14. Na4 Qd4
15. Be3 Qe5 16. f4 Qh5 17. Qxh5 Nxh5 18. Bxa6 Rxa6 19. e5 g6 20. c4 Ng7 21. g4
Rb8 22. cxd5 cxd5 23. Rac1 h5 24. h3 Rb3 25. Rc3 Rxc3 26. Nxc3 Rc6 27. Kg2 Bxa3
28. Nxd5 exd5 29. bxa3 Rc3 30. Kf2 d4 31. Bxd4 Rxh3 32. gxh5 Nxh5 33. Be3 Rh2+
34. Kf3 Ra2 35. Bc5 Rc2 36. Bd4 Ng7 37. Rb1 Ne6 38. Ke3 Rc4 39. Rd1 a4 40. Ke4
Kf8 41. Rd2 Ke7 42. Rd1 Rc2 43. Be3 Rc3 44. Rd3 Rc4+ 45. Kf3 Ke8 46. Kg3 Ng7 47.
Kf3 Nf5 48. Bb6 Ke7 49. Bf2 Ke6 50. Kg4 Rc2 51. Kf3 Rc6 52. Kg4 Rc8 53. Kf3 Rh8
54. Kg2 Rb8 55. Rc3 Rb3 56. Rc6+ Kd5 57. Rc5+ Ke6 58. Rc6+ Kd5 59. Rc5+ 1/2-1/2

[Event "exe Slovakia Open 2025"]
[Site "Bratislava SVK"]
[Date "2025.09.19"]
[Round "7.45"]
[White "Benci, Jozef"]
[Black "Krupa, Andrej"]
[Result "0-1"]
[WhiteElo "1960"]
[BlackElo "1870"]
[WhiteFideId "14967596"]
[BlackFideId "73619876"]
[EventDate "2025.09.13"]

1. Nf3 Nf6 2. d4 g6 3. Nc3 d5 4. Bf4 c6 5. Qd2 Bg7 6. Ne5 Nbd7 7. Bh6 O-O 8.
Bxg7 Kxg7 9. O-O-O Qc7 10. Nxd7 Bxd7 11. f3 e5 12. g4 Rac8 13. h4 exd4 14. Qxd4
c5 15. Qxf6+ Kxf6 16. Nxd5+ Kg7 17. Nxc7 Rxc7 18. e4 Be6 19. Rh2 Kf6 20. a3 Ke5
21. Rhd2 Kf4 22. Rd3 c4 23. Rc3 b5 24. b4 h5 25. gxh5 gxh5 26. e5 Rg8 27. Rd4+
Kxe5 28. Re4+ Kf6 29. Rf4+ Ke5 30. Re4+ Kd5 31. Rce3 Rg1 32. Re1 Kc6 33. Kb2 Rd7
34. Re5 Rd4 35. R5e2 Rxh4 36. f4 Kd6 37. Rd2+ Kc7 38. Rf2 Rhh1 39. f5 Bd7 40.
Re7 Rxf1 41. Rd2 Rb1+ 42. Ka2 Ra1+ 43. Kb2 Rhb1+ 44. Kc3 Rxa3+ 45. Kd4 Ra6 46.
Kc5 Rc6+ 47. Kd4 Rd6+ 48. Kc3 h4 0-1

[Event "exe Slovakia Open 2025"]
[Site "Bratislava SVK"]
[Date "2025.09.19"]
[Round "7.46"]
[White "Antal, Jozsef"]
[Black "Deak, Gabriel"]
[Result "0-1"]
[WhiteElo "1868"]
[BlackElo "1956"]
[WhiteFideId "710270"]
[BlackFideId "14906295"]
[EventDate "2025.09.13"]

1. e4 Nc6 2. Nc3 e5 3. Bc4 Nf6 4. d3 Bc5 5. f4 d6 6. Nf3 Bg4 7. h3 Bxf3 8. Qxf3
Nd4 9. Qg3 Qe7 10. Bb3 O-O-O 11. fxe5 dxe5 12. Bg5 Qd6 13. Rf1 Bb4 14. Bd2 Rhg8
15. Rf2 Kb8 16. O-O-O Bxc3 17. Bxc3 Nxb3+ 18. axb3 Nxe4 19. Bxe5 Nxg3 20. Bxd6
Rxd6 21. Rf3 Nh5 22. g4 Nf6 23. g5 Nd7 24. Rxf7 Ne5 25. Rf5 Ng6 26. Rf7 b6 27.
Rh1 Ne5 28. Rf5 Re8 29. h4 g6 30. Rf2 Rxd3 31. Kb1 Rf3 32. Re2 Rf5 33. Rhe1 Kb7
34. c4 Kc6 35. Kc2 Kd6 36. Rd1+ Ke6 37. Rd5 c6 38. Rd4 Rf3 39. Rd1 Re7 40. Rh1
Kf5 41. Rg1 Rf4 42. Rh1 c5 43. Rg2 Nc6 44. Kb1 Nd4 45. Ka2 Rf3 46. Rd2 Nxb3 47.
Rd5+ Kf4 48. Rd6 Nd4 49. Rf6+ Nf5 50. Rf8 Rf2 51. Rh8 Kg4 52. Rf8 Kh5 53. Ka3
Rf4 54. b3 Rxh4 55. Rg1 Rh3 56. Rh8 Nd4 57. Ka4 Nxb3 58. Rg2 Nc1 59. Kb5 Nd3 60.
Kc6 Rf7 61. Kd6 Nf4 62. Rg1 Re3 63. Kc6 Nh3 64. Rg2 Nxg5 65. Rd8 Nh3 66. Rd5+ g5
67. Rd1 h6 68. Rd6 Ref3 69. Kb5 g4 70. Rd5+ R3f5 71. Rd8 Rg7 72. Rh8 Kg5 73. Re8
h5 74. Re3 Nf4 75. Rg1 h4 76. Ree1 h3 77. Ka6 Kh4 78. Re8 g3 79. Rh8+ Nh5 0-1

[Event "exe Slovakia Open 2025"]
[Site "Bratislava SVK"]
[Date "2025.09.19"]
[Round "7.47"]
[White "Sipka, Mladen"]
[Black "Kebbedies, Frank"]
[Result "1/2-1/2"]
[WhiteElo "1954"]
[BlackElo "1823"]
[WhiteFideId "911976"]
[BlackFideId "24606944"]
[EventDate "2025.09.13"]

1. d4 Nf6 2. Nf3 c5 3. c4 cxd4 4. Nxd4 e6 5. Nc3 Bb4 6. Bd2 O-O 7. g3 Qb6 8. e3
Nc6 9. Nc2 Be7 10. Bg2 Ne5 11. b3 Nd3+ 12. Kf1 d5 13. cxd5 exd5 14. Nxd5 Nxd5
15. Bxd5 Qb5 16. Bf3 Bh3+ 17. Kg1 Bf6 18. Nd4 Qd7 19. Bc3 Ne5 20. Rc1 Rac8 21.
Bg2 Rfd8 22. f3 Nc6 23. Qf1 Bxg2 24. Kxg2 Nxd4 1/2-1/2

[Event "exe Slovakia Open 2025"]
[Site "Bratislava SVK"]
[Date "2025.09.19"]
[Round "7.48"]
[White "Osvald, David"]
[Black "Kudela, Oliver"]
[Result "1/2-1/2"]
[WhiteElo "1815"]
[BlackElo "1894"]
[WhiteFideId "14974398"]
[BlackFideId "14971755"]
[EventDate "2025.09.13"]

1. e4 c5 2. Nf3 e6 3. d4 cxd4 4. Nxd4 Nc6 5. Nc3 Nf6 6. Be2 Qc7 7. O-O a6 8. Be3
Be7 9. f4 d6 10. Kh1 O-O 11. a4 1/2-1/2

[Event "exe Slovakia Open 2025"]
[Site "Bratislava SVK"]
[Date "2025.09.19"]
[Round "7.49"]
[White "Mandak, Miroslav"]
[Black "Kopia, Julian"]
[Result "0-1"]
[WhiteElo "1947"]
[BlackElo "1800"]
[WhiteFideId "14902990"]
[BlackFideId "41806417"]
[EventDate "2025.09.13"]

1. Nf3 Nf6 2. b3 g6 3. Bb2 Bg7 4. g3 O-O 5. Bg2 d6 6. O-O e5 7. d3 c6 8. a4 Nh5
9. Qc1 f5 10. e3 Be6 11. d4 e4 12. Nfd2 Nf6 13. c4 h5 14. Nc3 h4 15. Qe1 Na6 16.
Ba3 c5 17. Ne2 g5 18. gxh4 gxh4 19. f3 exf3 20. Bxf3 Ng4 21. Nf4 Bc8 22. Bd5+
Kh7 23. Nf3 Re8 24. Nh3 Bf6 25. Qd2 Rxe3 26. dxc5 Bxa1 27. Rxa1 Kg6 28. cxd6 Qb6
29. c5 Nxc5 30. Qd4 Ne4 31. Nf4+ Kh7 32. Qxb6 axb6 33. Nxh4 Ngf6 34. Bc4 Nd2 35.
Nd5 Nxd5 36. Bxd5 Nxb3 37. Rd1 Nc5 38. Bxc5 bxc5 39. Bxb7 Bxb7 40. Nxf5 Ree8 0-1

[Event "exe Slovakia Open 2025"]
[Site "Bratislava SVK"]
[Date "2025.09.19"]
[Round "7.50"]
[White "Staub, Tom"]
[Black "Mikusik, Marian"]
[Result "0-1"]
[WhiteElo "1772"]
[BlackElo "1947"]
[WhiteFideId "34674713"]
[BlackFideId "14905345"]
[EventDate "2025.09.13"]

1. e4 g6 2. d4 Bg7 3. Nc3 d5 4. exd5 Nf6 5. Bc4 Nbd7 6. Nf3 Nb6 7. Bb5+ Bd7 8.
Be2 O-O 9. O-O Bf5 10. h3 a6 11. Re1 Qd6 12. Ne5 Nfxd5 13. Nxd5 Nxd5 14. c4 Nb4
15. c5 Qd8 16. g4 Be6 17. b3 Bd5 18. Bc4 Nc6 19. Nxc6 bxc6 20. Bf1 a5 21. Bb2
Qd7 22. Qd3 a4 23. b4 f5 24. g5 f4 25. Qe2 e6 26. f3 Qf7 27. h4 a3 28. Bc3 Qf5
29. Kh2 Rfe8 30. Bh3 Qf7 31. Rad1 Kh8 32. Rd2 Re7 33. Qd3 Kg8 34. Rde2 Kh8 35.
Rg1 Rf8 36. Qa6 Bxf3 37. Rf2 Bd5 38. Rgf1 f3 39. Bg4 Qf4+ 40. Kh3 Qe3 41. Qxa3
Bc4 42. Qc1 0-1

[Event "exe Slovakia Open 2025"]
[Site "Bratislava SVK"]
[Date "2025.09.19"]
[Round "7.51"]
[White "Jursa, Juraj"]
[Black "Korenova, Simona"]
[Result "1-0"]
[WhiteElo "1756"]
[BlackElo "1905"]
[WhiteFideId "73619256"]
[BlackFideId "14941813"]
[EventDate "2025.09.13"]

1. e4 e5 2. Nf3 Nc6 3. Bb5 a6 4. Ba4 Nf6 5. d4 exd4 6. e5 Nd5 7. Bb3 Nb6 8. O-O
Be7 9. Bf4 O-O 10. Nxd4 d5 11. exd6 Bxd6 12. Nxc6 bxc6 13. Qf3 Qf6 14. Bd2 Qxf3
15. gxf3 c5 16. Na3 Bb7 17. Kg2 Rad8 18. Bg5 Rd7 19. Rad1 h6 20. Be3 g5 21. h3
a5 22. Nc4 Ba6 23. Nxa5 Bxf1+ 24. Kxf1 Be7 25. Re1 Ra8 26. Nc4 Nxc4 27. Bxc4 Bd6
28. Rd1 Re7 29. c3 Rb8 30. b3 Re5 31. a4 Kf8 32. Bd5 f5 33. a5 f4 34. Bc1 Rb5
35. a6 Ra5 36. Bb7 Re8 37. Bb2 Rb8 38. Ra1 Rxa1+ 39. Bxa1 Rxb7 40. axb7 c6 41.
c4 Ke7 42. Bc3 Kd7 43. Ba5 Bc7 44. Bb6 Kd6 45. Ba7 Ke5 46. Ke2 Kd4 47. Kd2 h5
48. b8=Q Bxb8 49. Bxb8 1-0

[Event "exe Slovakia Open 2025"]
[Site "Bratislava SVK"]
[Date "2025.09.19"]
[Round "7.52"]
[White "Vasko, Matej"]
[Black "Chmurny, Richard"]
[Result "1-0"]
[WhiteElo "1926"]
[BlackElo "1689"]
[WhiteFideId "14969360"]
[BlackFideId "14989581"]
[EventDate "2025.09.13"]

1. Nf3 d5 2. g3 Nf6 3. Bg2 e6 4. O-O Bd6 5. d4 O-O 6. b3 Qe7 7. Bb2 Nbd7 8. Nbd2
e5 9. dxe5 Nxe5 10. c4 dxc4 11. Nxe5 Bxe5 12. Bxe5 Qxe5 13. Nxc4 Qe7 14. Qc2 c6
15. e4 Be6 16. Rad1 Rad8 17. h3 Rfe8 18. Kh2 Qc5 19. Ne3 Qh5 20. Rd2 Rxd2 21.
Qxd2 Qe5 22. Qb4 Qc7 23. Rd1 h6 24. f4 g6 25. e5 Nd7 26. Nc4 Bxc4 27. Qxc4 Nb6
28. Qd3 Re7 29. Qd8+ Qxd8 30. Rxd8+ Kg7 31. Kg1 Nd5 32. Bxd5 cxd5 33. Rxd5 Rc7
34. Rb5 b6 35. a4 Rc3 36. Kf2 Rd3 37. a5 bxa5 38. Rxa5 Rxb3 39. Rxa7 Rb6 40. g4
Kg8 41. Ra3 Rb4 42. Kg3 Rc4 43. Re3 Ra4 44. Rb3 Rc4 45. Rd3 Ra4 46. Rf3 Re4 47.
h4 Kg7 48. h5 gxh5 49. gxh5 f6 50. exf6+ Kxf6 51. Ra3 Re6 52. Kg4 Rb6 53. Ra1
Rc6 54. Ra7 Rc1 55. Ra6+ Kg7 56. Rg6+ Kh7 57. Re6 Rg1+ 58. Kf5 Rg8 59. Re7+ Kh8
60. Ke6 Rf8 61. f5 Kg8 62. f6 Kh8 63. Kf5 Kg8 64. Kg6 Kh8 65. Rh7+ Kg8 66. f7+ 1-0

[Event "exe Slovakia Open 2025"]
[Site "Bratislava SVK"]
[Date "2025.09.19"]
[Round "7.53"]
[White "Skrinar, Marek"]
[Black "Shravan R"]
[Result "1-0"]
[WhiteElo "1956"]
[BlackElo "1547"]
[WhiteFideId "14940710"]
[BlackFideId "46624570"]
[EventDate "2025.09.13"]

1. e4 c5 2. Nf3 d6 3. d4 cxd4 4. Nxd4 Nf6 5. Nc3 e5 6. Nf3 h6 7. h3 Be6 8. g4 g5
9. Be2 Nc6 10. Be3 Bg7 11. Qd2 d5 12. exd5 Nxd5 13. Bc5 Qa5 14. Ne4 Qxd2+ 15.
Nfxd2 O-O-O 16. O-O-O Bf8 17. Bxf8 Rhxf8 18. Nc4 Kb8 19. Ncd6 Rd7 20. Bb5 Rc7
21. Bc4 Nf4 22. Bxe6 fxe6 23. Nb5 Re7 24. c3 Nd5 25. h4 Rf4 26. Nbd6 Nf6 27.
Nxf6 Rxf6 28. hxg5 hxg5 29. Rh8+ Kc7 30. Ne8+ Rxe8 31. Rxe8 Rxf2 32. Rg8 e4 33.
Rxg5 e5 34. Rg7+ Kb6 35. Re1 Rf4 36. g5 Rg4 37. g6 Nd8 38. Rd7 Nc6 39. g7 e3 40.
Rxe3 e4 41. Rxe4 1-0

[Event "exe Slovakia Open 2025"]
[Site "Bratislava SVK"]
[Date "2025.09.19"]
[Round "7.54"]
[White "Prochazka, Michal"]
[Black "Havalda, Samuel"]
[Result "1/2-1/2"]
[WhiteElo "1764"]
[BlackElo "1963"]
[WhiteFideId "14975777"]
[BlackFideId "14955490"]
[EventDate "2025.09.13"]

1. e4 e5 2. Nf3 Nc6 3. Bb5 a6 4. Ba4 Nf6 5. O-O b5 6. Bb3 d6 7. c3 Be7 8. d4 Bg4
9. h3 Bxf3 10. Qxf3 exd4 11. Qg3 O-O 12. Bh6 Ne8 13. Bd5 Qd7 14. Qg4 Qxg4 15.
hxg4 gxh6 16. Bxc6 Rb8 17. cxd4 Bf6 18. Rd1 Rb6 19. Bd5 c6 20. Bb3 c5 21. dxc5
dxc5 22. Nc3 Bxc3 23. bxc3 Nd6 24. Bd5 Rc8 25. Rab1 Rc7 26. f4 b4 27. cxb4 cxb4
28. a3 a5 29. axb4 Rxb4 30. Rxb4 axb4 31. Rb1 Nb5 32. Rxb4 Nc3 33. Rb2 Rd7 34.
Rb7 1/2-1/2

[Event "exe Slovakia Open 2025"]
[Site "Bratislava SVK"]
[Date "2025.09.19"]
[Round "7.55"]
[White "Livnansky, Tomas"]
[Black "Munk, Lubomir"]
[Result "0-1"]
[WhiteElo "1874"]
[BlackElo "1769"]
[WhiteFideId "14967634"]
[BlackFideId "14903806"]
[EventDate "2025.09.13"]

1. e4 c5 2. Nf3 Nc6 3. c3 d5 4. exd5 Qxd5 5. d4 Bg4 6. Be2 Nf6 7. Be3 e6 8. h3
cxd4 9. cxd4 Bb4+ 10. Nc3 Bxf3 11. Bxf3 Qd7 12. O-O Rd8 13. Qc2 O-O 14. Rfd1 Be7
15. a3 Nd5 16. Nxd5 exd5 17. b4 Rc8 18. Qb3 Rfd8 19. Rac1 a5 20. b5 Na7 21. Rxc8
Nxc8 22. Rc1 Nb6 23. Bf4 a4 24. Qd3 Rc8 25. Re1 Qd8 26. Qe3 Bf8 27. Bg4 Nc4 28.
Qg3 Ra8 29. Ra1 Qe7 30. Qf3 Rd8 31. Qd1 Ra8 32. Bf3 Qd7 33. Qd3 Qxb5 34. Rb1 Qc6
35. Qf5 Rd8 36. Be2 Nxa3 37. Rc1 Qe6 38. Qd3 Nc4 39. Bg4 Qa6 40. Bf5 g6 41. Bg4
b5 42. h4 a3 43. h5 a2 44. Ra1 b4 45. hxg6 hxg6 46. Bc7 Ra8 47. f4 Qb7 48. f5
Ra3 49. Qf1 Qxc7 50. fxg6 Bg7 51. Qf5 Bxd4+ 52. Kh1 Qe7 53. gxf7+ Qxf7 54. Qg5+
Bg7 55. Qd8+ Bf8 56. Qg5+ Qg7 57. Be6+ Kh8 58. Qc1 Qh6+ 0-1

[Event "exe Slovakia Open 2025"]
[Site "Bratislava SVK"]
[Date "2025.09.19"]
[Round "7.56"]
[White "Thornley, Oliver"]
[Black "Krivosik, Matus"]
[Result "0-1"]
[WhiteElo "1731"]
[BlackElo "1838"]
[WhiteFideId "445916"]
[BlackFideId "73619671"]
[EventDate "2025.09.13"]

1. f4 d5 2. Nf3 Nf6 3. e3 Bf5 4. b3 e6 5. Bb2 c5 6. Bb5+ Nc6 7. Bxc6+ bxc6 8.
Ne5 Qb6 9. c4 d4 10. Qe2 Bd6 11. Nf3 d3 12. Qf1 a5 13. Bxf6 gxf6 14. Nh4 Be4 15.
Nc3 f5 16. Qf2 Be7 17. Nxe4 fxe4 18. f5 Qd8 19. g3 Bxh4 20. fxe6 Qf6 21. exf7+
Ke7 22. O-O Qxf2+ 23. Rxf2 Bf6 24. Raf1 Be5 25. Rf5 Bd6 26. Rh5 h6 27. Rh4 Raf8
28. Rxe4+ Kd7 29. Kg2 Rh7 30. Rh4 Ke6 31. g4 Rfxf7 32. Rxf7 Kxf7 33. Kf3 Kg6 34.
h3 Re7 35. e4 Re5 36. a3 Be7 37. g5 Rxg5 38. Rf4 Bd6 39. e5 Bxe5 40. Re4 Kf5 41.
Rh4 Rg3+ 42. Kf2 Bf4 43. Rh5+ Rg5 0-1

[Event "exe Slovakia Open 2025"]
[Site "Bratislava SVK"]
[Date "2025.09.19"]
[Round "7.57"]
[White "Zhanybekov, Alisher"]
[Black "Donauer Daniel"]
[Result "1-0"]
[WhiteElo "1630"]
[BlackElo "1812"]
[WhiteFideId "447013397"]
[BlackFideId "1365754"]
[EventDate "2025.09.13"]

1. Nc3 d5 2. e4 d4 3. Nb1 e5 4. Bc4 Nf6 5. d3 Bd6 6. Ne2 h6 7. a4 Qe7 8. Nd2 a5
9. O-O O-O 10. h3 Be6 11. b3 Nbd7 12. f4 Bxc4 13. Nxc4 Rfb8 14. Ng3 b5 15. Nf5
Qe6 16. fxe5 Bxe5 17. Nxe5 Nxe5 18. Nxd4 Qb6 19. Be3 bxa4 20. Rxa4 Ng6 21. Qa1
Ra6 22. Nf5 Qe6 23. Nxg7 1-0

[Event "exe Slovakia Open 2025"]
[Site "Bratislava SVK"]
[Date "2025.09.19"]
[Round "7.59"]
[White "Benci, Rudolf"]
[Black "Macakova, Bianka"]
[Result "0-1"]
[WhiteElo "1787"]
[BlackElo "1637"]
[WhiteFideId "14963191"]
[BlackFideId "14982846"]
[EventDate "2025.09.13"]

1. Nf3 f5 2. b3 Nf6 3. Bb2 e6 4. c4 Be7 5. g3 d5 6. Bg2 c6 7. O-O O-O 8. d3 Bd7
9. Nbd2 Be8 10. Qc2 Na6 11. a3 f4 12. b4 Nh5 13. Be5 Bd6 14. Qb2 Qe7 15. c5 Bxe5
16. Nxe5 Nc7 17. d4 Nf6 18. e3 fxe3 19. fxe3 Bh5 20. Rf2 Ng4 21. Nxg4 Bxg4 22.
Raf1 Rxf2 23. Rxf2 Qg5 24. Rf4 Rf8 25. Nf3 Bxf3 26. Bxf3 Rxf4 27. exf4 Qf6 28.
a4 a6 29. Qd2 Qf5 30. Qd1 Qf6 31. Qd3 g5 32. Qe3 gxf4 33. Qxf4 Qxf4 34. gxf4 Kf7
35. Kf2 Kg6 36. Bg4 Kf6 37. Bh5 Ke7 38. Kg3 Kf6 39. Kg4 Kg7 40. f5 Kf6 41. fxe6
Nxe6 42. Kg3 Nxd4 43. Bd1 Ke5 44. Kg4 Ke4 45. Kg5 Nf3+ 46. Kh6 Nxh2 47. Be2 Ke3
48. Bxa6 bxa6 49. b5 axb5 50. a5 b4 51. a6 b3 52. a7 b2 53. a8=Q b1=Q 54. Qa3+
Qd3 55. Qc1+ Qd2 56. Qg1+ Kf3+ 57. Kxh7 Ng4 58. Qa1 Qh6+ 0-1

[Event "exe Slovakia Open 2025"]
[Site "Bratislava SVK"]
[Date "2025.09.19"]
[Round "7.60"]
[White "Buday, Alexander"]
[Black "Kovacik, Oliver"]
[Result "1/2-1/2"]
[WhiteElo "1595"]
[BlackElo "1880"]
[WhiteFideId "14971666"]
[BlackFideId "2321963"]
[EventDate "2025.09.13"]

1. e4 c6 2. d4 d5 3. Nc3 dxe4 4. Nxe4 Nf6 5. Nxf6+ exf6 6. c3 Bd6 7. Bd3 O-O 8.
Qc2 h6 9. Ne2 Qc7 10. Be3 Be6 11. O-O-O b5 12. Kb1 Qa5 13. b3 Qc7 14. g4 a5 15.
h4 Bxg4 16. Rhg1 h5 17. Be4 1/2-1/2

[Event "exe Slovakia Open 2025"]
[Site "Bratislava SVK"]
[Date "2025.09.19"]
[Round "7.62"]
[White "Janovicek, Lukas"]
[Black "Kebis, Milos"]
[Result "1/2-1/2"]
[WhiteElo "1836"]
[BlackElo "1806"]
[WhiteFideId "14975831"]
[BlackFideId "14901471"]
[EventDate "2025.09.13"]

1. e4 e5 2. Nf3 Nc6 3. Bc4 Nf6 4. Ng5 d5 5. exd5 Na5 6. Bb5+ c6 7. dxc6 bxc6 8.
Qf3 h6 9. Ne4 Nd5 10. Nbc3 Be6 11. Ba4 Be7 12. a3 O-O 13. b4 f5 14. Ng3 e4 15.
Qd1 Bf6 16. Nxd5 cxd5 17. Rb1 Nc4 18. O-O f4 19. Ne2 Be5 20. d3 Nb6 21. Bb3 f3
22. Ng3 fxg2 23. Kxg2 Qh4 24. dxe4 Bg4 25. Bxd5+ Kh8 26. Qd3 Qh3+ 27. Kg1 Bf3
28. Qxf3 Rxf3 29. Bxa8 h5 30. Bb2 Bxg3 31. fxg3 Rxg3+ 32. hxg3 Qxg3+ 33. Kh1
Qh3+ 34. Kg1 1/2-1/2

[Event "exe Slovakia Open 2025"]
[Site "Bratislava SVK"]
[Date "2025.09.19"]
[Round "7.63"]
[White "Gonda, Jan"]
[Black "Vinarcik, Jan"]
[Result "0-1"]
[WhiteElo "1703"]
[BlackElo "1800"]
[WhiteFideId "14910489"]
[BlackFideId "14901030"]
[EventDate "2025.09.13"]

1. d4 d5 2. Bf4 c6 3. e3 Nf6 4. Bd3 e6 5. Nd2 Nbd7 6. c3 Be7 7. h3 c5 8. Ngf3 h6
9. O-O O-O 10. Re1 Re8 11. Qe2 c4 12. Bc2 Qb6 13. b3 cxb3 14. axb3 Bd6 15. Bxd6
Qxd6 16. e4 dxe4 17. Nxe4 Nxe4 18. Qxe4 Nf6 19. Qd3 Bd7 20. Ne5 Rec8 21. Ng4 Qf4
22. Nxf6+ Qxf6 23. Re3 g6 24. Rae1 Bc6 25. Qd2 Rd8 26. Be4 Rac8 27. Bxc6 Rxc6
28. Rf3 Qg7 29. Qe2 a6 30. Qb2 b5 31. b4 Rd5 32. Rfe3 Qf6 33. Qd2 Kg7 34. Re5
Qd8 35. Rxd5 Qxd5 36. Qe3 Qd6 37. g3 Qc7 38. Rc1 Rc4 39. f4 Qd6 40. Qe5+ Qxe5
41. fxe5 f6 42. exf6+ Kxf6 43. Kf2 e5 44. dxe5+ Kxe5 45. Ke3 Rc6 46. Kd3 Rf6 47.
Ke3 Kd5 48. Ke2 Kc4 49. Ke3 Rd6 50. Kf4 Rd3 51. Ra1 g5+ 52. Kg4 h5+ 53. Kxg5
Rxg3+ 54. Kxh5 Rxh3+ 55. Kg5 Rxc3 56. Rxa6 Kxb4 57. Kf4 Rd3 58. Ke4 Rd8 59. Rc6
Kb3 60. Ke3 b4 61. Rc7 Kb2 62. Ke2 b3 63. Ke1 Kb1 64. Rc6 b2 65. Rc7 Rb8 66. Kd2
Ka2 67. Ra7+ Kb3 0-1

[Event "exe Slovakia Open 2025"]
[Site "Bratislava SVK"]
[Date "2025.09.19"]
[Round "7.64"]
[White "Chmelikova, Julia"]
[Black "Bednar, Daniel"]
[Result "0-1"]
[WhiteElo "1590"]
[BlackElo "1764"]
[WhiteFideId "14977753"]
[BlackFideId "14989620"]
[EventDate "2025.09.13"]

1. e4 c6 2. d4 d5 3. f3 dxe4 4. fxe4 e5 5. Nf3 Bg4 6. Bc4 Nd7 7. O-O Ngf6 8. Bg5
Bd6 9. c3 O-O 10. Qc2 Qc7 11. Nbd2 h6 12. Be3 Bxf3 13. Nxf3 Ng4 14. Bf2 exd4 15.
g3 dxc3 16. Qxc3 Nxf2 17. Kxf2 Ne5 18. Nxe5 Bxe5 19. Qb3 Qb6+ 20. Qxb6 axb6 21.
Rab1 Ra4 22. b4 b5 23. Be2 Rxa2 24. Rfd1 Rb2 25. Rxb2 Bxb2 26. Rd7 Rb8 27. Rd3
Kf8 28. Ke3 Be5 29. Kd2 Ke7 30. Bg4 Rd8 31. Rxd8 Kxd8 32. Kd3 b6 33. Be2 Kc7 34.
Kc2 Kd6 35. Bh5 g6 36. Be2 Bd4 37. Bd3 Bg1 38. h3 Bf2 39. g4 Be1 40. Kb3 Ke5 41.
Bc2 c5 42. bxc5 bxc5 43. Kb2 c4 44. Kc1 Kf4 45. Kd1 Bc3 0-1

[Event "exe Slovakia Open 2025"]
[Site "Bratislava SVK"]
[Date "2025.09.19"]
[Round "7.65"]
[White "Molnar, Sviatoslav"]
[Black "Povysil, Peter"]
[Result "1/2-1/2"]
[WhiteElo "1740"]
[BlackElo "1853"]
[WhiteFideId "14974185"]
[BlackFideId "14908344"]
[EventDate "2025.09.13"]

1. e4 c5 2. Nf3 Nc6 3. c3 e6 4. d4 d5 5. exd5 exd5 6. Bb5 Bd6 7. O-O Ne7 8. dxc5
Bxc5 9. Nbd2 Qb6 10. Ba4 Bg4 11. Nb3 Bd6 12. Nbd4 a6 13. Qd3 O-O-O 14. b4 1/2-1/2